00581 2200205 4500001002100000005001500021035002000036007000300056008004100059020001800100082001100118084001700129100001700146245002100163260003500184500012300219856001700342990000800359990000800367INLIS00000000000018420220219091746 a0010-0222000062ta220219 g 0 ind  a9789796623143 a297.23 a297.23 ROS h0 aRosid Kusnan1 aHari akhir zaman aKlaten :bCempaka Putih,c2009 aPengetahuan yang utuh tentang kiamat dan apa yang ada sesudah kiamat akan sangat bermanfaat bagi kesadaran hidup kita. aKoleksi Umum a725 a726